00713nam a2200253 a 4500001001300000003000900013005001700022008004100039020001100080082001800091100002200109245003200131260002500163300000900188500003500197505001000232650001800242650002700260700002200287902000800309942000700317952012000324999001500444nice12345678IN_TiNIC20260116011616.0050524s1963 lona grp 000 0 eng  ac167500a954.0359bEDW aEdwardes, Michael aLast Years of British India aLondonbCasselc1963 a250p aincludes index and biblioraphy2 aIndex aBritish-India aIndia-Freedom Struggle1 aEdwardes, Michael bSRS cBK 001040708StackRoom-aHMIbHMId2007-04-04g1675.00l0o954.0359 EDWp03324r2007-04-04v1675.00w2005-05-24yBK c2869d2869